000 00636nam a2200241Ia 4500
001 28623
005 20240114001058.0
007 ta
008 060614s 195 g b000 u 465 u
040 _aCotton College,Assam
041 _a465
082 _a311.2
_bT 187 St
100 _aTate, Merle W. .
245 0 _aStatistics in Education /
_cMerle W. Tate.
_hTextual Documents
250 _a1st ed. /
260 _aNew York :
_bThe Macmillan Company ,
_cC 1955.
300 _a597p. ;
_c22cm.
653 _aStatistics-Education
653 _aG-Statistics
942 _2ddc
_cBK
999 _c28605
_d28605